Normal view MARC view

Entry Topical Term

Number of records used in: 1

001 - CONTROL NUMBER

  • control field: 66127

003 - CONTROL NUMBER IDENTIFIER

  • control field: OSt

005 - DATE AND TIME OF LATEST TRANSACTION

  • control field: 20260209140302.0

008 - FIXED-LENGTH DATA ELEMENTS

  • fixed length control field: 260209|| aca||aabn | a|a d

040 ## - CATALOGING SOURCE

  • Original cataloging agency: OSt
  • Transcribing agency: OSt

150 ## - HEADING--TOPICAL TERM

  • Topical term or geographic name entry element: Administration
  • Chronological subdivision: (1885-1948).
  • Geographic subdivision: Myanmar
  • General subdivision: History

670 ## - SOURCE DATA FOUND

  • Source citation: Work cat.: (OSt)47355: Chaw Ei Ei Aung. 4 Ph.D-Hist-4 65838, Administration of Justice in Colonial Period (1885-1948) /, 2007.

Library - 09407999929
Admin Office - 09407999979
Dean Office - 09250910768
Registrar Office - 09892297154
Email - [email protected]
Shan State Buddhist University, Phaya Phyu Taunggyi, Shan State, Myanmar.